Регионална библиотека "Любен Каравелов" - Русе

Син на светлината (Запис номер 113012)

MARC детайли
000 -Лидер
Контролно поле с фиксирана дължина 01095nam a2200289 c 4500
003 - Код на организацията, давaща контролен номер
Контролно поле BLK
005 - Дата и час на последна редакция
Контролно поле 20180422110129.0
008 - Елементи от данни с фиксирана дължина
fixed length control field 180409b bul|||||r ||||||| ||bul||
010 ## - Наследен системен номер
LC control number KNG00118398000
040 ## - Източник на каталожния запис
Идентификатор на билиотеката - собственик на записа BLK
041 ## - Код за език
Код за езика на текст/звукозапис или на отделно заглавие Български
Код за езика КДБФ Български
080 ## - УДК
Текстов определител УДК Българска литература
УДК код - определител по УДК 821.163.2
УДК определител -31
УДК - код + определител 821.163.2-31
100 1# - Редна дума - Автор
Автор Северски, Цветан
Авторска отговорност първи автор
Автор - информация (биография) Банчев, Цветан Иванов
R(LIN) 369812
139 ## - Редно поле
Редна дума Северски, Цветан
Авторски знак Се - С 30
245 10 - Сведения за заглавието
Заглавие Син на светлината
Подзаглавни данни Роман
Редно поле (дума) Цветан Северски; * Цветан Иванов Банчев.
257 ## - Страна на издаване
Страна на създаване/издаване България
260 ## - Област на издателските данни
-- София
Име на издателя, разпространителя и проч. ОФ
Година на издаване 1987
300 ## - Физическа характеристика
Страници 208 с.
Размери/Мащаб 20 см
380 ## - Жанр
Жанр Худож. лит.
500 ## - Общи забележки
Забележка Цветан Северски - псевд. на Цветан Иванов Банчев. - 14 200 тир.
700 1# - Други автори (авторска отговорност)
Лично име Банчев, Цветан Иванов
Автороска отговорност (Описва отношението между автора и произведението) *
9 (RLIN) 375677
852 ## - Местоположение
Форматна сигнатура Цб 147974
856 4# - Електронен адрес и достъп
Електронен формат pdf - файл
Път до файла /url/
856 4# - Електронен адрес и достъп
Електронен формат pdf - файл
Път до файла /url/
942 ## - АРТИКУЛИ
Вид на библиотечния материал Книги
Скрит в OPAC Не
944 ## - СЪЗДАВАНЕ И РЕДАКЦИЯ на ЗАПИСА
Създаване/Редакция Създаване
Дата на регистрацията/редакция 19.11.2016
Служител, извършил регистрацията/редакцията Правда_Бадева
944 ## - СЪЗДАВАНЕ И РЕДАКЦИЯ на ЗАПИСА
Създаване/Редакция Редакция
Дата на регистрацията/редакция 19.11.2016
Служител, извършил регистрацията/редакцията Правда_Бадева
999 ## - СИСТЕМНИ КОНТРОЛНИ НОМЕРА
Koha biblionumber 113012
Koha biblioitemnumber 113012
Наличности
Код за отписване Код за изгубен артикул Източник на класификационната схема Код за повреда Коз за рестрикции Код за отдаване Артикулен № Име на библиотеката - собственик Име на библиотеката, в която се намира в момента Статус (Текущо местоположение) Дата на вписване в системата Местоположение - отдел Цена в лева Инвентарен номер Систематично азбучна сигнатура Баркод Номер на екземпляра Цена в евро Служебна бележка Служебен тип на артикула
  Не е изгубен Universal Decimal Classification Не е повреден без рестрикции ползва се в читалня 181082 Регионална библиотека "Любен Каравелов" Русе Регионална библиотека "Любен Каравелов" Русе Хранилище 1987-01-01 Хранилище 1.16 477783 Цб 147974 120000477783 1 0.59 N: стар фонд Дата: 01.01.1987 Книги
Изтеглен Не е изгубен Universal Decimal Classification Не е повреден без рестрикции заемане за дома 181083 Регионална библиотека "Любен Каравелов" Русе Регионална библиотека "Любен Каравелов" Русе Заемна - подръчен фонд 1987-01-01 Заемна - подръчен фонд 1.16 482169 П 886.7-31/С 30 482169 2 0.59 N: стар фонд Дата: 01.01.1987 Дата инв: 12.02.2018 Бележки инв: П2018 Книги
Vip Innovations Ltd, Rousse, Bulgaria 2025